Construcción y pruebas de funcionamiento de una batidora de pulpa para la producción de papel hecho a mano
Kaydedildi:
| Yazar: | |
|---|---|
| Materyal Türü: | Kitap |
| Baskı/Yayın Bilgisi: |
San José, C.R
1997
|
| Konular: | |
| Etiketler: |
Etiketle
Etiket eklenmemiş, İlk siz ekleyin!
|
MARC
| LEADER | 00000nam a2200000Ia 4500 | ||
|---|---|---|---|
| 003 | 008300 | ||
| 005 | 20221231144228.0 | ||
| 008 | 140114s1997 cr a m 000 ||s d | ||
| 040 | |c cru CEDI | ||
| 090 | |a TFG 3731 | ||
| 100 | |a Villalobos Rojas, Luis Emilio |9 9324 | ||
| 245 | |a Construcción y pruebas de funcionamiento de una batidora de pulpa para la producción de papel hecho a mano | ||
| 260 | |c 1997 |a San José, C.R | ||
| 300 | |a xi, [125] hojas : ilustraciones | ||
| 500 | |a Proyecto de graduación (licenciatura en ingeniería mecánica)--Universidad de Costa Rica. Facultad de Ingeniería. Escuela de Ingeniería Mecánica | ||
| 650 | |x MAQUINARIA PARA FABRICACION DE PAPEL |x PAPEL - INDUSTRIA Y COMERCIO - COSTA RICA |9 9325 | ||
| 942 | |c TFG | ||
| 999 | |c 18764 |d 18764 | ||
